书目信息 |
| 题名: |
二十岁文学地图
|
|
| 作者: | 小饭 , 宁财神 著 | |
| 分册: | ||
| 出版信息: | 沈阳 辽宁教育出版社 2005.12 |
|
| 页数: | 136页 | |
| 开本: | 23cm | |
| 丛书名: | 贝塔斯曼萌芽书系 | |
| 单 册: | ||
| 中图分类: | I247.7 | |
| 科图分类: | ||
| 主题词: | 长篇小说--作品集--中国--当代 | |
| 电子资源: | ||
| ISBN: | 7-5382-7575-4 | |
| 000 | 00929nam0 2200253 450 | |
| 001 | 1037747531 | |
| 005 | 20100707103227.93 | |
| 010 | @a7-5382-7575-4@dCNY12.00 | |
| 100 | @a20100515d2005 km y0chiy0120 ea | |
| 101 | 0 | @achi |
| 102 | @aCN@b210000 | |
| 105 | @ay z 000yy | |
| 200 | 1 | @a二十岁文学地图@Aer shi sui wen xue di tu@f小饭, 宁财神等著@Fxiao fan,ning cai shen deng zhu |
| 210 | @a沈阳@c辽宁教育出版社@d2005.12 | |
| 215 | @a136页@d23cm | |
| 225 | 2 | @a贝塔斯曼萌芽书系 |
| 330 | @a惊才绝艳,论剑文章。这本《二十岁文学地图》中辑录了小饭的《秃头老师》;宁财神的《星之夙愿》;流水剑客的《决战紫禁之巅》;刘铮铮的《消逝的影像》;野狸红的《暴力童话》;方块的《在黑暗中迷失方向》等等! | |
| 410 | 0 | @12001 @a贝塔斯曼萌芽书系 |
| 606 | 0 | @a长篇小说@x作品集@y中国@z当代 |
| 690 | @aI247.7@v4 | |
| 701 | 0 | @a小饭@Axiao fan@4著 |
| 701 | 0 | @a宁财神@Aning cai shen@4著 |
| 801 | 0 | @aCN@c20100515 |
| 905 | @dI247.7@eX3753@f3 | |
| 二十岁文学地图/小饭, 宁财神等著.-沈阳:辽宁教育出版社,2005.12 |
| 136页;23cm.-(贝塔斯曼萌芽书系) |
| ISBN 7-5382-7575-4:CNY12.00 |
| 惊才绝艳,论剑文章。这本《二十岁文学地图》中辑录了小饭的《秃头老师》;宁财神的《星之夙愿》;流水剑客的《决战紫禁之巅》;刘铮铮的《消逝的影像》;野狸红的《暴力童话》;方块的《在黑暗中迷失方向》等等! |
| ● |
| 相关链接 |
|
|
|
正题名:二十岁文学地图
索取号:I247.7/X3753
 
预约/预借
| 序号 | 登录号 | 条形码 | 馆藏地/架位号 | 状态 | 备注 |
| 1 | 990120 | 209901203 | 社科二线400B/400B社科库 22排2列1层/ [索取号:I247.7/X3753] | 在馆 | |
| 2 | 990121 | 209901212 | 社科二线400B/400B社科库 22排2列1层/ [索取号:I247.7/X3753] | 在馆 | |
| 3 | 990122 | 209901221 | 社科二线400B/400B社科库 22排2列1层/ [索取号:I247.7/X3753] | 在馆 |